Návrh a realizácia riadenia terária pomocou mikrokontroléra

Na minha lista:
Detalhes bibliográficos
Autor principal: Borovský, Jakub (Author)
Outros Autores: Bartoň, Martin (Thesis advisor)
Formato: Manuscrito Livro
Idioma:eslovaco
Publicado em: 2024
Assuntos:
Acesso em linha:http://is.stuba.sk/zp/portal_zp.pl?podrobnosti=185952
Tags: Adicionar Tag
Sem tags, seja o primeiro a adicionar uma tag!

MARC

LEADER 00000ntm a22000003a 4500
001 stuzp97823
003 SK-STU
005 20240629211511.9
007 ta
008 150427s2015----xo-----f-mn---000-0-slo-d
040 |a STU  |b slo 
041 0 |a slo 
100 1 |a Borovský, Jakub  |u 066000  |4 aut  |U MTF Materiálovotechnologická fakulta  |T MTF Ústav aplikovanej informatiky, automatizácie a mechatroniky  |X 116448  |U M6000  |Y 86  |7 116448 
242 0 1 |a Design and implementation of terrarium control using a microcontroller  |y eng 
245 1 0 |a Návrh a realizácia riadenia terária pomocou mikrokontroléra 
260 |c 2024 
650 4 |a Mikrokontrolér  |2 slo 
650 4 |a Arduino  |2 slo 
650 4 |a Snímač  |2 slo 
650 4 |a Microcontroller  |2 eng 
650 4 |a Arduino  |2 eng 
650 4 |a Sensor  |2 eng 
700 1 |a Bartoň, Martin  |u 066000  |k Z1  |4 ths  |U MTF Materiálovotechnologická fakulta  |T MTF Ústav aplikovanej informatiky, automatizácie a mechatroniky  |X 71659  |U M6000  |Y 86  |7 71659 
856 4 |u http://is.stuba.sk/zp/portal_zp.pl?podrobnosti=185952 
996 |c M* BP-9725  |l MMSKP  |s P  |a 0  |w stuzp97823_0001